000 00588nam a2200181Ia 4500
008 090123s9999 xx 000 0 und d
082 _b42498
100 _aऔरंगाबादकर अनुराधा
245 _aसदानंद देवआनंद
250 _a2
260 _c2007
300 _a369
600 _aऔरंगाबादकर अनुराधा
630 _aसदानंद देवआनंद
700 _aऔरंगाबादकर अनुराधा
730 _aसदानंद देवआनंद
942 _cBOOK
999 _c80576
_d80576